[Event "CrazyShack: XLVIII Monthly Variant (CrazyShack)"]
[Site "SchemingMind.com"]
[Date "2014.03.17"]
[Round "-"]
[White "michel"]
[Black "startstek"]
[Result "0-1"]
[WhiteCountry "CAN"]
[BlackCountry "ALG"]
[WhiteElo "1702"]
[WhiteRD "117"]
[BlackElo "1838"]
[BlackRD "141"]
[GameID "349335"]

1. e4 c5 2. Nf3 e6 3. Nc3 Nc6 4. Bb5 Qc7 5. Bxc6 bxc6 6. d4 cxd4 7. Qxd4 B@c5 8. Qd2 P@b4 9. Na4 Bce7 10. e5 d6
11. exd6 Bxd6 12. a3 Ba6 13. axb4 Bxb4 14. P@c3 Bbd6 15. P@c5 Bxc5 16. Nxc5 Bxc5 17. P@d7+ Kf8 18. B@e5 P@d6 19. Rxa6 dxe5 20. Rxc6 Bxf2+
21. Qxf2 Qxc6 22. B@c5+ N@e7 23. N@b4 Qxd7 24. O-O P@d6 25. Ng5 Nf6 26. Rd1 P@c7 27. Bxa7 h6 28. Nf3 Ng4
0-1

[Event "CrazyShack: XLVIII Monthly Variant (CrazyShack)"]
[Site "SchemingMind.com"]
[Date "2014.03.12"]
[Round "-"]
[White "Ilang"]
[Black "michel"]
[Result "1-0"]
[WhiteCountry "HUN"]
[BlackCountry "CAN"]
[WhiteElo "1707"]
[WhiteRD "130"]
[BlackElo "1590"]
[BlackRD "171"]
[GameID "349336"]

1. e4 d5 2. exd5 Qxd5 3. Nc3 Qa5 4. Bb5+ Bd7 5. Bxd7+ Nxd7 6. Qf3 c6 7. P@b5 Rc8 8. bxc6 Rxc6 9. B@b5 Re6+ 10. Nge2 P@c6
11. Bc4 P@d5 12. Bd3 Ne5 13. Qf4 Qc7 14. Bf5 Nd3+ 15. cxd3 Qxf4 16. Bxe6 Qc7 17. R@c8+ Qxc8 18. Bxc8 B@d7 19. Bxd7+ Kxd7 20. B@h3+ e6
21. P@f5 Nf6 22. fxe6+ fxe6 23. Bxe6+ Kxe6 24. N@d4+ Kd7 25. Q@e6+ Kd8 26. P@d6 R@d7 27. P@e7+ Bxe7 28. dxe7+ Rxe7 29. Qxe7+ Kxe7 30. Nf5+ Kd8
31. B@e7+ Kd7 32. Bxf6 B@f8 33. R@d8+ Kc7 34. N@a8#
1-0

[Event "CrazyShack: XLVIII Monthly Variant (CrazyShack)"]
[Site "SchemingMind.com"]
[Date "2014.03.12"]
[Round "-"]
[White "michel"]
[Black "Ilang"]
[Result "0-1"]
[WhiteCountry "CAN"]
[BlackCountry "HUN"]
[WhiteElo "1590"]
[WhiteRD "171"]
[BlackElo "1707"]
[BlackRD "130"]
[GameID "349337"]

1. e4 e5 2. d4 exd4 3. Qxd4 Nc6 4. Qd1 Qh4 5. Nc3 Bb4 6. Bd3 P@d4 7. a3 Bxc3+ 8. bxc3 dxc3 9. Nf3 Qh5 10. O-O d6
11. Ng5 Qxd1 12. Rxd1 Nh6 13. P@b2 P@h3 14. Bf1 hxg2 15. Bxg2 N@d4 16. B@d3 Q@g4 17. P@f3 cxb2 18. Bxb2 Qxg5 19. Bxd4 Nxd4 20. Kh1 N@f4
21. Rg1 Nxg2 22. Rxg2 Qxg2+ 23. Kxg2 B@h3+ 24. Kh1 B@g2+ 25. Kg1 Nxf3#
0-1

[Event "CrazyShack: XLVIII Monthly Variant (CrazyShack)"]
[Site "SchemingMind.com"]
[Date "2014.03.12"]
[Round "-"]
[White "Ingemar Assarsjö"]
[Black "michel"]
[Result "0-1"]
[WhiteCountry "SWE"]
[BlackCountry "CAN"]
[WhiteElo "1306"]
[WhiteRD "156"]
[BlackElo "1590"]
[BlackRD "171"]
[GameID "349338"]

1. e4 e5 2. Nf3 d6 3. Bc4 Be7 4. d3 Nf6 5. h3 O-O 6. O-O Nc6 7. Nc3 h6 8. Nd5 Na5 9. Nxe7+ Qxe7 10. Bb3 Nxb3
11. axb3 B@h5 12. Be3 a6 13. g4 Bcxg4 14. hxg4 Nxg4 15. B@h4 P@g5 16. Nxg5 hxg5 17. Bhxg5 Qd7 18. N@f6+ Nxf6 19. f3 Qh3 20. Qe2 N@g3
21. Qh2 N@e2+
0-1

[Event "CrazyShack: XLVIII Monthly Variant (CrazyShack)"]
[Site "SchemingMind.com"]
[Date "2014.03.12"]
[Round "-"]
[White "michel"]
[Black "Ingemar Assarsjö"]
[Result "1-0"]
[WhiteCountry "CAN"]
[BlackCountry "SWE"]
[WhiteElo "1590"]
[WhiteRD "171"]
[BlackElo "1306"]
[BlackRD "156"]
[GameID "349339"]

1. e4 e5 2. Nf3 Nc6 3. Bc4 Bc5 4. d3 d6 5. Bg5 f6 6. Bh4 Na5 7. Bxg8 Rxg8 8. c3 Bg4 9. b4 Bxb4 10. cxb4 Nc6
11. B@b5 Qd7 12. Nbd2 a6 13. Bxc6 Qxc6 14. Rc1 Qb6 15. Qb3 O-O-O 16. O-O g5 17. N@d5 Qa7 18. Rxc7+ Kb8 19. P@b6 Qa8 20. Nxf6 B@e6
21. N@d5 gxh4 22. Nxg8 Rxg8 23. R@g7 h6 24. Rxb7+ Qxb7 25. Rxb7+ Kxb7 26. Q@c7+ Ka8 27. P@b7#
1-0

[Event "CrazyShack: XLVIII Monthly Variant (CrazyShack)"]
[Site "SchemingMind.com"]
[Date "2014.03.17"]
[Round "-"]
[White "michel"]
[Black "Adrian Grajczak"]
[Result "0-1"]
[WhiteCountry "CAN"]
[BlackCountry "POL"]
[WhiteElo "1637"]
[WhiteRD "120"]
[BlackElo "1267"]
[BlackRD "131"]
[GameID "349340"]

1. e4 c5 2. Nf3 Nc6 3. Bc4 e6 4. O-O Nf6 5. d3 Be7 6. Bg5 d6 7. Nc3 O-O 8. Re1 a6 9. a4 Rb8 10. Qd2 Bd7
11. d4 cxd4 12. Nxd4 Ne5 13. Be2 Qb6 14. a5 Qc7 15. Bxf6 Bxf6 16. P@f4 Nc4 17. Bxc4 Qxc4 18. e5 dxe5 19. fxe5 Be7 20. P@h6 B@g5
21. Qd3 Qxd3 22. cxd3 Bxh6 23. Ne4 P@c5 24. Nf3 Bc6 25. N@g4 Bxe4 26. dxe4 Bf4 27. B@e3 Bxe3 28. Rxe3 N@c4 29. Rc3 Nxb2 30. B@g5 Bxg5
31. Nxg5 B@g6 32. N@f6+ Kh8 33. Nd7 B@d1
0-1

[Event "CrazyShack: XLVIII Monthly Variant (CrazyShack)"]
[Site "SchemingMind.com"]
[Date "2014.03.17"]
[Round "-"]
[White "Adrian Grajczak"]
[Black "michel"]
[Result "0-1"]
[WhiteCountry "POL"]
[BlackCountry "CAN"]
[WhiteElo "1192"]
[WhiteRD "149"]
[BlackElo "1702"]
[BlackRD "117"]
[GameID "349341"]

1. e4 e5 2. Nf3 Nc6 3. Bb5 Nd4 4. Nxe5 Qe7 5. Bxd7+ Bxd7 6. Qh5 Nxc2+ 7. Kd1 Nxa1 8. Nxd7 Qxd7 9. Qe5+ R@e7 10. Qc3 P@c2+
11. Ke1 cxb1=Q
0-1

[Event "CrazyShack: XLVIII Monthly Variant (CrazyShack)"]
[Site "SchemingMind.com"]
[Date "2014.03.12"]
[Round "-"]
[White "michel"]
[Black "Zipphood"]
[Result "1-0"]
[WhiteCountry "CAN"]
[BlackCountry "SWE"]
[WhiteElo "1705"]
[WhiteRD "129"]
[BlackElo "1825"]
[BlackRD "128"]
[GameID "349342"]

1. e4 e5 2. d4 exd4 3. Qxd4 Nc6 4. Qd1 Bc5 5. Nf3 Qe7 6. Bd3 Nb4 7. O-O Nxd3 8. cxd3 d6 9. d4 Bb6 10. Nc3 Nf6
11. Bg5 h6 12. Bxf6 gxf6 13. Nd5 Qd8 14. P@e7 Qxe7 15. Nxe7 Kxe7 16. N@d5+ Kf8 17. Q@e7+ Kg8 18. Nxf6+ Kg7 19. Nh5+ Kg6 20. Qf6+ Kxh5
21. N@g3+ Kg4 22. h3#
1-0

[Event "CrazyShack: XLVIII Monthly Variant (CrazyShack)"]
[Site "SchemingMind.com"]
[Date "2014.03.12"]
[Round "-"]
[White "Zipphood"]
[Black "michel"]
[Result "1-0"]
[WhiteCountry "SWE"]
[BlackCountry "CAN"]
[WhiteElo "1825"]
[WhiteRD "128"]
[BlackElo "1705"]
[BlackRD "129"]
[GameID "349343"]

1. e4 d6 2. d4 Nd7 3. c4 e5 4. dxe5 dxe5 5. a3 Bc5 6. b4 Bd4 7. P@c3 Bxf2+ 8. Kxf2 Ngf6 9. Bg5 Nxe4+ 10. Ke1 P@f2+
11. Ke2 fxg1=N+ 12. Rxg1 Qxg5 13. P@f3 N@f4+ 14. Ke3 Nxg2+ 15. Kd3 Qe3+ 16. Kc2 Ne1+ 17. Kb2 Nf2 18. Qe2 Nfd3+ 19. Qxd3 Nxd3+ 20. Bxd3 Qxg1
21. Nd2 Qxa1+ 22. Kxa1 a5 23. N@f5 O-O 24. N@h6+
1-0

[Event "CrazyShack: XLVIII Monthly Variant (CrazyShack)"]
[Site "SchemingMind.com"]
[Date "2014.03.18"]
[Round "-"]
[White "surfnsuds"]
[Black "Buckaroo Bob"]
[Result "0-1"]
[WhiteCountry "USA"]
[BlackCountry "USA"]
[WhiteElo "1208"]
[WhiteRD "142"]
[BlackElo "1709"]
[BlackRD "143"]
[GameID "350346"]

1. d4 d5 2. e3 Nf6 3. c4 e6 4. Nc3 Bb4 5. Bd2 O-O 6. Qb3 a5 7. a3 Bxc3 8. Bxc3 Ne4 9. Qb5 c6 10. Qb3 a4
11. Qc2 Nxc3 12. Qxc3 Na6 13. B@b4 Nxb4 14. Qxb4 B@a5 15. Qxa5 Qxa5+ 16. B@b4 Qc7 17. Bxf8 Kxf8 18. N@f3 B@a5+ 19. Ke2 B@f5 20. Ne1 Q@d2+
21. Kf3 N@g5#
0-1

[Event "CrazyShack: XLVIII Monthly Variant (CrazyShack)"]
[Site "SchemingMind.com"]
[Date "2014.03.18"]
[Round "-"]
[White "Buckaroo Bob"]
[Black "surfnsuds"]
[Result "1-0"]
[WhiteCountry "USA"]
[BlackCountry "USA"]
[WhiteElo "1709"]
[WhiteRD "143"]
[BlackElo "1208"]
[BlackRD "142"]
[GameID "350347"]

1. e4 e5 2. Nf3 d6 3. Nc3 Nc6 4. Bc4 h6 5. h3 Nf6 6. O-O Be6 7. Bxe6 fxe6 8. B@b5 B@d7 9. Nh4 Rg8 10. Ng6 Nd4
11. Bxd7+ Qxd7 12. Nxf8 Rxf8 13. f3 N@h5 14. d3 Nf4 15. Rf2 N6h5 16. Bxf4 exf4 17. B@g4 B@g3 18. Bxh5+ Kd8 19. Rd2 Rf6 20. N@f1 g6
21. Nxg3 gxh5 22. Nxh5 Rg6 23. B@f6+ Kc8 24. N@e7+
1-0

[Event "CrazyShack: XLVIII Monthly Variant (CrazyShack)"]
[Site "SchemingMind.com"]
[Date "2014.03.18"]
[Round "-"]
[White "startstek"]
[Black "Buckaroo Bob"]
[Result "1-0"]
[WhiteCountry "ALG"]
[BlackCountry "USA"]
[WhiteElo "1878"]
[WhiteRD "116"]
[BlackElo "1706"]
[BlackRD "119"]
[GameID "350348"]

1. e4 e5 2. Nf3 Nc6 3. Bc4 Bc5 4. O-O d6 5. h3 Nf6 6. c3 O-O 7. d4 exd4 8. cxd4 Bb6 9. Bg5 h6 10. Bxf6 Qxf6
11. e5 dxe5 12. dxe5 Nxe5 13. Nxe5 Qxe5 14. N@f3 Qxb2 15. Nbd2 P@c2 16. Qe2 N@c3 17. Qe7 B@f6 18. Bxf7+ Rxf7 19. Qe8+ Rf8 20. P@f7+ Kh7
21. Qxf8 Bxf2+ 22. Kh1 Ne2 23. Qg8+ Kg6 24. f8=N+ Kh5 25. Qf7+
1-0

[Event "CrazyShack: XLVIII Monthly Variant (CrazyShack)"]
[Site "SchemingMind.com"]
[Date "2014.03.18"]
[Round "-"]
[White "Buckaroo Bob"]
[Black "startstek"]
[Result "1-0"]
[WhiteCountry "USA"]
[BlackCountry "ALG"]
[WhiteElo "1706"]
[WhiteRD "119"]
[BlackElo "1878"]
[BlackRD "116"]
[GameID "350349"]

1. e4 c5 2. Nf3 e6 3. Nc3 Nc6 4. a3 d6 5. Bc4 Nf6 6. d3 a6 7. O-O h6 8. Bf4 Be7 9. Re1 b5 10. Ba2 b4
11. axb4 cxb4 12. Ne2 g5 13. Bd2 g4 14. Nfd4 Nxd4 15. Nxd4 P@e5 16. Nc6 Qc7 17. Nxe7 Qxe7 18. Bxb4 Qb7 19. B@a3 g3 20. hxg3 N@g4
21. Bxd6 Nxe4 22. Qxg4 N@f6 23. N@c7+ Qxc7 24. Bxc7 Nxg4 25. Q@d8#
1-0

[Event "CrazyShack: XLVIII Monthly Variant (CrazyShack)"]
[Site "SchemingMind.com"]
[Date "2014.03.18"]
[Round "-"]
[White "Ilang"]
[Black "Buckaroo Bob"]
[Result "0-1"]
[WhiteCountry "HUN"]
[BlackCountry "USA"]
[WhiteElo "1766"]
[WhiteRD "116"]
[BlackElo "1709"]
[BlackRD "143"]
[GameID "350350"]

1. e4 e5 2. Nf3 Nc6 3. Bb5 Nf6 4. Nc3 Bc5 5. Rf1 Bd4 6. d3 h6 7. Ne2 Qe7 8. c3 Bb6 9. Ng3 d6 10. Bxc6+ bxc6
11. N@f5 Qf8 12. Bxh6 Rxh6 13. P@e7 Qh8 14. Nxh6 gxh6 15. Nf5 Bxf5 16. exf5 N@d5 17. B@d2 N@f4 18. Bxf4 Nxf4 19. N@e2 Nxg2+ 20. Kd2 P@e3+
21. Kc1 exf2 22. d4 B@e3+ 23. Nd2 B@g5 24. Rxf2 Bxd2+ 25. Kb1 B@e4+ 26. P@c2 Bde3 27. Ng3 Bxf2 28. Nxe4 Nxe4 29. B@c1 N@d2+
0-1

[Event "CrazyShack: XLVIII Monthly Variant (CrazyShack)"]
[Site "SchemingMind.com"]
[Date "2014.03.18"]
[Round "-"]
[White "Buckaroo Bob"]
[Black "Ilang"]
[Result "0-1"]
[WhiteCountry "USA"]
[BlackCountry "HUN"]
[WhiteElo "1709"]
[WhiteRD "143"]
[BlackElo "1766"]
[BlackRD "116"]
[GameID "350351"]

1. e4 e5 2. Nf3 d6 3. Nc3 Nf6 4. Bc4 Bg4 5. d3 h6 6. Be3 Qd7 7. h3 Bh5 8. Qd2 Bxf3 9. gxf3 Nc6 10. O-O-O Na5
11. Nd5 Nxc4 12. Nxf6+ gxf6 13. dxc4 N@e6 14. N@d5 Qd8 15. c5 B@c6 16. N@a5 N@d4 17. B@h4 Bxd5 18. exd5 N@e2+ 19. Kb1 Nxc5 20. Bxd4 Nxd4
21. N@h2 B@f5 22. B@d3 Bxd3 23. cxd3 P@c2+ 24. Qxc2 Nxc2 25. Kxc2 Q@a4+ 26. N@b3 Nxb3 27. Nxb3 Qxh4
0-1

[Event "CrazyShack: XLVIII Monthly Variant (CrazyShack)"]
[Site "SchemingMind.com"]
[Date "2014.03.18"]
[Round "-"]
[White "Ingemar Assarsjö"]
[Black "Buckaroo Bob"]
[Result "0-1"]
[WhiteCountry "SWE"]
[BlackCountry "USA"]
[WhiteElo "1326"]
[WhiteRD "134"]
[BlackElo "1709"]
[BlackRD "143"]
[GameID "350352"]

1. e4 e5 2. Nf3 Nc6 3. Bb5 Nf6 4. Bxc6 dxc6 5. Nxe5 Qd4 6. N@f3 Qxe4+ 7. Qe2 Qxe2+ 8. Kxe2 Q@e4+ 9. Kd1 B@e2+ 10. Ke1 Bxf3+
11. Kf1 Bxg2+ 12. Kg1 N@e2#
0-1

[Event "CrazyShack: XLVIII Monthly Variant (CrazyShack)"]
[Site "SchemingMind.com"]
[Date "2014.03.18"]
[Round "-"]
[White "Buckaroo Bob"]
[Black "Ingemar Assarsjö"]
[Result "1-0"]
[WhiteCountry "USA"]
[BlackCountry "SWE"]
[WhiteElo "1709"]
[WhiteRD "143"]
[BlackElo "1326"]
[BlackRD "134"]
[GameID "350353"]

1. e4 e5 2. Nf3 Nc6 3. Nc3 Nf6 4. Bc4 Bc5 5. d3 h6 6. O-O d6 7. h3 O-O 8. Na4 Bb6 9. Nxb6 axb6 10. a3 Be6
11. Bxe6 fxe6 12. B@a2 d5 13. B@h4 g5 14. Nxg5 hxg5 15. Bcxg5 N@h7 16. Bxf6 Nxf6 17. Bxf6 Rxf6 18. Qg4+ B@g7 19. N@h5 B@h6 20. Nxf6+ Qxf6
21. R@g6 Qf4 22. P@f6 Qxg4 23. Rxg4 B@f7 24. fxg7 Bxg7 25. Q@g5 P@g6 26. N@e7+ Nxe7 27. Qxe7 Q@d8 28. Qxd8+ Rxd8 29. N@g5 N@f6 30. P@h7+ Kf8
31. Rh4 Ke7 32. B@h6 Bxh6 33. Rxh6 N@h8 34. exd5 Nxd5 35. B@h4 P@f6 36. Bxd5 exd5 37. Nxf7 Kxf7 38. Bxf6 Kxf6 39. N@g4+ Ke6 40. Q@f6+ Kd7
41. B@e6+ Kc6 42. Bxd5+ Kxd5 43. Qxe5+ Kc6 44. P@b5+ Kd7 45. P@e7 Re8 46. Nf6+ Kc8 47. P@d7+ Kb8 48. dxe8=Q+
1-0

[Event "CrazyShack: XLVIII Monthly Variant (CrazyShack)"]
[Site "SchemingMind.com"]
[Date "2014.03.18"]
[Round "-"]
[White "Buckaroo Bob"]
[Black "michel"]
[Result "1-0"]
[WhiteCountry "USA"]
[BlackCountry "CAN"]
[WhiteElo "1709"]
[WhiteRD "143"]
[BlackElo "1705"]
[BlackRD "129"]
[GameID "350354"]

1. e4 e5 2. Nf3 Nc6 3. Nc3 Nf6 4. Bc4 Bb4 5. Bd5 Bxc3 6. dxc3 d6 7. Bg5 h6 8. Bh4 g5 9. Nxg5 hxg5 10. Bxg5 N@h7
11. Bh4 Rg8 12. B@b3 N@e6 13. Qf3 Na5 14. Bxe6 Bxe6 15. Bxe6 fxe6 16. B@h5+ Kd7 17. N@f7 Qe7 18. P@g6 B@g4 19. Qxg4 Nxg4 20. Bxe7 Nhf6
21. Bxf6 Nxf6 22. B@f3 Nc4 23. Q@a4+ Q@c6 24. Qxc6+ bxc6 25. O-O Nd2 26. Nxe5+ dxe5 27. Rfd1 Q@d6 28. Q@e2 B@d5 29. Rxd2 Rg7 30. exd5 cxd5
31. N@b5 Qb6 32. N@c4
1-0

[Event "CrazyShack: XLVIII Monthly Variant (CrazyShack)"]
[Site "SchemingMind.com"]
[Date "2014.03.18"]
[Round "-"]
[White "michel"]
[Black "Buckaroo Bob"]
[Result "1-0"]
[WhiteCountry "CAN"]
[BlackCountry "USA"]
[WhiteElo "1705"]
[WhiteRD "129"]
[BlackElo "1709"]
[BlackRD "143"]
[GameID "350355"]

1. e4 e5 2. Bc4 Nf6 3. d3 h6 4. Nf3 Nc6 5. Bd2 Bc5 6. O-O d6 7. Nc3 Bg4 8. Bb5 O-O 9. Bxc6 bxc6 10. h3 Bxf3
11. Qxf3 B@b4 12. Be3 Bxe3 13. fxe3 N@g5 14. Qe2 Bxc3 15. bxc3 Nfxe4 16. dxe4 Nxe4 17. N@h5 Nxc3 18. Qe1 Ne4 19. B@h4 P@g5 20. B@f5 P@f2+
21. Bxf2 Nxf2 22. Qxf2 P@g6 23. Ng3 gxf5 24. Nxf5 B@f6 25. P@e4 B@a6 26. P@e2 B@g6 27. Ng3 h5 28. Rab1 h4 29. Nf5 Bxf5 30. Qxf5 Bxe2
31. Rf2 N@e7 32. Qxf6 gxf6 33. Rxf6 Ng6 34. Rf2 Bc4 35. B@f6 N@e2+ 36. Rxe2 Qxf6 37. N@g4 Qe6 38. N@h6+ Kh8 39. Rf2 P@f4 40. B@f6+ Kh7
41. B@g7 Ne7 42. Bxf8 B@h8 43. Bxh8 Rxf8 44. N@f6+
1-0

[Event "CrazyShack: XLVIII Monthly Variant (CrazyShack)"]
[Site "SchemingMind.com"]
[Date "2014.03.18"]
[Round "-"]
[White "Buckaroo Bob"]
[Black "Adrian Grajczak"]
[Result "0-1"]
[WhiteCountry "USA"]
[BlackCountry "POL"]
[WhiteElo "1648"]
[WhiteRD "120"]
[BlackElo "1413"]
[BlackRD "128"]
[GameID "350356"]

1. e4 c5 2. Nf3 Nc6 3. Bc4 e6 4. O-O d6 5. c3 Nf6 6. d3 Be7 7. Bg5 O-O 8. Re1 a6 9. a4 Rb8 10. Na3 Ne5
11. Nxe5 dxe5 12. N@f3 h6 13. Bxf6 Bxf6 14. N@g4 Bd7 15. Ngxe5 b5 16. Nxd7 Qxd7 17. axb5 axb5 18. Bb3 b4 19. e5 bxa3
0-1

[Event "CrazyShack: XLVIII Monthly Variant (CrazyShack)"]
[Site "SchemingMind.com"]
[Date "2014.03.18"]
[Round "-"]
[White "Adrian Grajczak"]
[Black "Buckaroo Bob"]
[Result "0-1"]
[WhiteCountry "POL"]
[BlackCountry "USA"]
[WhiteElo "1413"]
[WhiteRD "128"]
[BlackElo "1648"]
[BlackRD "120"]
[GameID "350357"]

1. e4 e5 2. Nf3 Nc6 3. Bb5 Bc5 4. O-O Nd4 5. Nxd4 Bxd4 6. c3 Bb6 7. d4 N@d6 8. a4 Nxb5 9. axb5 exd4 10. cxd4 a6
11. bxa6 bxa6 12. P@a5 Ba7 13. Nc3 Ne7 14. Bg5 P@f6 15. Be3 Rb8 16. Qg4 P@g6 17. Qe2 O-O 18. Kh1 Nc6 19. Rfd1 B@b4 20. d5 Bxe3
21. dxc6 Ba7 22. cxd7 Bb7 23. N@d5 B@d6 24. Nxb4 Bxb4 25. Nd5 Bd6 26. B@h3 Bxd5 27. exd5 N@f4 28. Qf3 N@g5 29. Qc3 Ngxh3 30. B@g1 Qxd7
31. P@g3 Ne2
0-1

[Event "CrazyShack: XLVIII Monthly Variant (CrazyShack)"]
[Site "SchemingMind.com"]
[Date "2014.03.18"]
[Round "-"]
[White "Buckaroo Bob"]
[Black "Zipphood"]
[Result "0-1"]
[WhiteCountry "USA"]
[BlackCountry "SWE"]
[WhiteElo "1679"]
[WhiteRD "125"]
[BlackElo "1947"]
[BlackRD "110"]
[GameID "350358"]

1. e4 e5 2. Nf3 Nc6 3. Nc3 d6 4. Bc4 h6 5. h3 Nf6 6. d3 Be7 7. Be3 O-O 8. Nd5 Nxd5 9. Bxd5 Be6 10. Bxc6 bxc6
11. d4 N@c4 12. Bc1 exd4 13. Nxd4 P@d2+ 14. Bxd2 Nxb2 15. Qe2 Na4 16. Nxc6 Qd7 17. Nxe7+ Qxe7 18. P@c4 P@b2 19. Rd1 N@c3 20. Bxc3 Nxc3
21. Qd3 Nxd1 22. Qxd1 Qg5 23. N@d2 Bxc4 24. N@g3 P@e3 25. Nxc4 exf2+ 26. Kxf2 R@c1 27. N@f3 Qxg3+ 28. Kxg3 Rxd1 29. Rxd1 N@h5+ 30. Kh2 B@f4+
31. Kg1 P@h2+ 32. Nxh2 Bxh2+ 33. Kxh2 Q@g3+ 34. Kg1 B@h2+ 35. Kf1 Nf4 36. N@e3 Bg1 37. B@e1 N@h2+ 38. Kxg1 Nxh3+ 39. Kh1 P@f2 40. B@a5 Ng4
41. Nxg4 f1=Q+
0-1

[Event "CrazyShack: XLVIII Monthly Variant (CrazyShack)"]
[Site "SchemingMind.com"]
[Date "2014.03.18"]
[Round "-"]
[White "Zipphood"]
[Black "Buckaroo Bob"]
[Result "1-0"]
[WhiteCountry "SWE"]
[BlackCountry "USA"]
[WhiteElo "1947"]
[WhiteRD "110"]
[BlackElo "1679"]
[BlackRD "125"]
[GameID "350359"]

1. e4 e5 2. Nf3 Nc6 3. Bc4 Bc5 4. O-O Nf6 5. d3 d6 6. c3 Bg4 7. b4 Bb6 8. h3 Bxf3 9. Qxf3 h6 10. B@b3 Rf8
11. Be3 N@h8 12. Bxb6 axb6 13. a4 Qe7 14. Na3 Nd8 15. Nc2 Ne6 16. Ne3 g6 17. Nd5 Nxd5 18. Bxd5 Ng5 19. Qe3 B@c6 20. N@g4 N@g8
21. b5 Bxd5 22. Bxd5 Rb8 23. a5 bxa5 24. B@a7 B@b6 25. Bxb6 cxb6 26. Qxb6 B@c7 27. Qa7 Qd8 28. Bxb7 Ne7 29. Nf6#
1-0

[Event "CrazyShack: XLVIII Monthly Variant (CrazyShack)"]
[Site "SchemingMind.com"]
[Date "2014.03.21"]
[Round "-"]
[White "surfnsuds"]
[Black "Houarzhon"]
[Result "0-1"]
[WhiteCountry "USA"]
[BlackCountry "FRA"]
[WhiteElo "1223"]
[WhiteRD "133"]
[BlackElo "1484"]
[BlackRD "121"]
[GameID "351656"]

1. d4 e6 2. e3 d5 3. Bd3 Nf6 4. Nf3 c5 5. O-O c4 6. Be2 Nc6 7. Nc3 a6 8. Na4 b5 9. Nc5 Bxc5 10. dxc5 Ne4
11. B@d4 O-O 12. b3 Nxd4 13. exd4 N@c3 14. Qe1 Nxe2+ 15. Qxe2 B@c3 16. Rb1 Qf6 17. bxc4 bxc4 18. N@g4 Qd8 19. Bd2 Bxd2 20. Nxd2 Nc3
21. Nf6+ Qxf6 22. Qe3 Nxb1 23. Nxb1 B@f4 24. Qf3 Qxd4 25. N@e2 Qxc5 26. B@a3 P@b4 27. Qxf4 bxa3 28. B@d6 Qc6 29. Bxf8 N@g6 30. N@e7+ Nxe7
31. Bxe7 Bb7 32. R@f8+ Rxf8 33. Bxf8 N@g6 34. N@e7+ Nxe7 35. Bxe7 R@e8 36. P@d6 N@g6 37. Qg3 Nxe7 38. dxe7 B@d6 39. Nd4 Qc5 40. Qe3 B@f4
41. Qc3 Bxh2+ 42. Kh1 Bhe5 43. N@f3 Bxd4 44. Nxd4 P@b4 45. Qd2 Bxe7 46. B@e3 Qd6 47. Nf3 B@b8 48. g3 P@e5 49. R@b6 Qc7 50. N@g5 P@h6
51. Nxe6 fxe6 52. Rxe6 d4 53. Bxd4 Bxf3+ 54. P@g2 Bxg2+ 55. Kxg2 exd4 56. Qxd4 B@d7 57. Rxa6 N@h4+ 58. gxh4 P@h3+ 59. Kf3 N@h2+ 60. Ke2 Bc5+
61. B@e6+ Bxe6 62. Rxe6 Rxe6+ 63. Kd2 Nxf1+ 64. Kd1 R@e1#
0-1

[Event "CrazyShack: XLVIII Monthly Variant (CrazyShack)"]
[Site "SchemingMind.com"]
[Date "2014.03.21"]
[Round "-"]
[White "Houarzhon"]
[Black "surfnsuds"]
[Result "1-0"]
[WhiteCountry "FRA"]
[BlackCountry "USA"]
[WhiteElo "1510"]
[WhiteRD "131"]
[BlackElo "1208"]
[BlackRD "142"]
[GameID "351657"]

1. e4 e5 2. Nf3 d6 3. Bc4 h6 4. O-O Nf6 5. Nc3 Bg4 6. d4 exd4 7. Qxd4 Bxf3 8. gxf3 Nc6 9. Qd1 Ne5 10. Be2 c6
11. f4 Ng6 12. P@g2 d5 13. e5 Ne4 14. Nxe4 dxe4 15. Qxd8+ Rxd8 16. B@g4 P@f5 17. Bh5 N@d4 18. Bc4 N@e6 19. Bxe6 Nxe6 20. Bxg6 fxg6
21. Be3 B@a6 22. Rfd1 Rxd1+ 23. Rxd1 Q@e2 24. Q@d7#
1-0

[Event "CrazyShack: XLVIII Monthly Variant (CrazyShack)"]
[Site "SchemingMind.com"]
[Date "2014.03.26"]
[Round "-"]
[White "startstek"]
[Black "Houarzhon"]
[Result "1-0"]
[WhiteCountry "ALG"]
[BlackCountry "FRA"]
[WhiteElo "1878"]
[WhiteRD "116"]
[BlackElo "1499"]
[BlackRD "117"]
[GameID "351658"]

1. e4 e6 2. d4 d6 3. Nf3 Be7 4. Bd3 Nc6 5. O-O Nf6 6. e5 Nd5 7. a3 O-O 8. c4 Nb6 9. Nc3 f5 10. exf6 Bxf6
11. P@g6 hxg6 12. Bxg6 P@h7 13. P@f7+ Kh8 14. Bxh7 Kxh7 15. Ne5 dxe5 16. Qh5+ P@h6 17. P@g6+
1-0

[Event "CrazyShack: XLVIII Monthly Variant (CrazyShack)"]
[Site "SchemingMind.com"]
[Date "2014.03.26"]
[Round "-"]
[White "Houarzhon"]
[Black "startstek"]
[Result "1-0"]
[WhiteCountry "FRA"]
[BlackCountry "ALG"]
[WhiteElo "1562"]
[WhiteRD "122"]
[BlackElo "1753"]
[BlackRD "120"]
[GameID "351659"]

1. e4 c5 2. Bc4 e6 3. Nf3 Nc6 4. d4 cxd4 5. Nxd4 Qb6 6. Nxc6 bxc6 7. O-O d5 8. exd5 cxd5 9. Bd3 Nf6 10. Nc3 P@e4
11. Bb5+ P@c6 12. Be2 Bd6 13. P@h6 gxh6 14. Bxh6 Rg8 15. N@g7+ Kd7 16. Rb1 Bf8 17. P@g5 Bxg7 18. Bxg7 Rxg7 19. gxf6 Rg8 20. B@g3 B@c7
21. Nxe4 P@f4 22. Bh4 N@d4 23. Nc3 Nxe2+ 24. Qxe2 N@d4 25. Qd3 B@f5 26. Qxd4 Qxd4 27. N@f3 Q@g4 28. N@e1 Qb6 29. N@e5+ Ke8 30. Nxg4 Bxg4
31. P@g5 Ba6 32. P@d3 N@f5 33. h3 Bxf3 34. Nxf3 Nxh4 35. Nxh4 Rxg5 36. Nf3 Rg6 37. B@e5 P@g3 38. Bxc7 gxf2+ 39. Rxf2 Qxc7 40. B@e5 B@d6
41. Bxd6 Qxd6 42. B@e5 Qd7 43. Bxf4 P@d6 44. Re1 N@h5 45. Be3 B@g3 46. P@h2 Bxf2+ 47. Bxf2 Rb8 48. P@e5 Nf4 49. B@g3 B@h5 50. Nh4 dxe5
51. Nxg6 hxg6 52. N@c5 Qd6 53. Nxa6 P@b4 54. Bxf4 bxc3 55. Bxe5 N@e2+ 56. Kh1 Qxe5 57. B@c7 Qxc7 58. Nxc7+ Kd7 59. Na6 Rc8 60. Nc5+ Kd6
61. R@d7+ Ke5 62. Q@d4+ Kf5 63. Q@e5#
1-0

[Event "CrazyShack: XLVIII Monthly Variant (CrazyShack)"]
[Site "SchemingMind.com"]
[Date "2014.03.23"]
[Round "-"]
[White "Ilang"]
[Black "Houarzhon"]
[Result "1-0"]
[WhiteCountry "HUN"]
[BlackCountry "FRA"]
[WhiteElo "1766"]
[WhiteRD "116"]
[BlackElo "1510"]
[BlackRD "131"]
[GameID "351660"]

1. e4 e6 2. d4 c5 3. d5 d6 4. Bb5+ Bd7 5. Bxd7+ Nxd7 6. dxe6 fxe6 7. Nc3 Ngf6 8. Bg5 Be7 9. Bxf6 Nxf6 10. B@a4+ B@d7
11. Bxd7+ Qxd7 12. B@a4 P@c6 13. Bb3 d5 14. N@e5 Qc7 15. P@f7+ Kf8 16. Nef3 B@h6 17. exd5 cxd5 18. P@g5 Kxf7 19. gxf6 Bxf6 20. Nxd5 exd5
21. Qxd5+ Ke7 22. Qf7+ Kd6 23. Qe6#
1-0

[Event "CrazyShack: XLVIII Monthly Variant (CrazyShack)"]
[Site "SchemingMind.com"]
[Date "2014.03.23"]
[Round "-"]
[White "Houarzhon"]
[Black "Ilang"]
[Result "0-1"]
[WhiteCountry "FRA"]
[BlackCountry "HUN"]
[WhiteElo "1510"]
[WhiteRD "131"]
[BlackElo "1766"]
[BlackRD "116"]
[GameID "351661"]

1. e4 e5 2. Bc4 Qf6 3. Ne2 Nc6 4. O-O Na5 5. Bb3 Nxb3 6. axb3 d6 7. f4 B@c5+ 8. Kh1 Qd8 9. f5 Nf6 10. Ng3 h5
11. Qf3 Ng4 12. Nc3 Nxh2 13. Kxh2 Qh4+ 14. N@h3 P@g4 15. Qe2 gxh3 16. gxh3 N@g1 17. Rxg1 Bxg1+ 18. Kxg1 Qxg3+ 19. N@g2 N@f4 20. Qf1 Nxh3+
21. Kh1 R@h2#
0-1